<?xml version="1.0" encoding="UTF-8"?><?xml-stylesheet type="text/xsl" href="static/style.xsl"?><OAI-PMH xmlns="http://www.openarchives.org/OAI/2.0/" xmlns:xsi="http://www.w3.org/2001/XMLSchema-instance" xsi:schemaLocation="http://www.openarchives.org/OAI/2.0/ http://www.openarchives.org/OAI/2.0/OAI-PMH.xsd"><responseDate>2026-06-01T09:28:47Z</responseDate><request verb="GetRecord" identifier="oai:riuma.uma.es:10630/23603" metadataPrefix="marc">https://riuma.uma.es/rest/oai/request</request><GetRecord><record><header><identifier>oai:riuma.uma.es:10630/23603</identifier><datestamp>2026-02-03T12:04:50Z</datestamp><setSpec>com_10630_2254</setSpec><setSpec>col_10630_37959</setSpec></header><metadata><record xmlns="http://www.loc.gov/MARC21/slim" xmlns:dcterms="http://purl.org/dc/terms/" xmlns:doc="http://www.lyncode.com/xoai" xmlns:xsi="http://www.w3.org/2001/XMLSchema-instance" xsi:schemaLocation="http://www.loc.gov/MARC21/slim http://www.loc.gov/standards/marcxml/schema/MARC21slim.xsd">
   <leader>00925njm 22002777a 4500</leader>
   <datafield ind2=" " ind1=" " tag="042">
      <subfield code="a">dc</subfield>
   </datafield>
   <datafield ind2=" " ind1=" " tag="720">
      <subfield code="a">Nieto Figueras, Cristina</subfield>
      <subfield code="e">author</subfield>
   </datafield>
   <datafield ind2=" " ind1=" " tag="720">
      <subfield code="a">Cantarero-Prados, Francisco José</subfield>
      <subfield code="e">author</subfield>
   </datafield>
   <datafield ind2=" " ind1=" " tag="260">
      <subfield code="c">2021-11</subfield>
   </datafield>
   <datafield ind2=" " ind1=" " tag="520">
      <subfield code="a">Se presentan los resultados de un análisis inscrito en un estudio más amplio, sobre la evolución del impulso al turismo en el sur de España (Andalucía) a través del enfoque LEADER. Exponemos las conclusiones relativas a la provincia de Málaga, donde el rol preponderante del turismo de masas, contrasta con la especificidad de las actividades turísticas vinculadas a los territorios rurales. Con la base de distintos estudios realizados sobre las primeras décadas de LEADER, se examinan las actividades impulsadas por los Grupos de Desarrollo Rural malagueños desde el periodo 2007-2013, centrándonos en la importancia creciente del turismo especializado, sostenible e innovador. A partir de los resultados obtenidos, se realiza una propuesta metodológica para evaluar el peso que en esta tendencia pueden ejercer las prioridades estratégicas europeas en el periodo vigente.</subfield>
   </datafield>
   <datafield ind1="8" ind2=" " tag="024">
      <subfield code="a">https://hdl.handle.net/10630/23603</subfield>
   </datafield>
   <datafield tag="653" ind2=" " ind1=" ">
      <subfield code="a">Desarrollo rural - Andalucía</subfield>
   </datafield>
   <datafield tag="653" ind2=" " ind1=" ">
      <subfield code="a">Desarrollo sostenible - Andalucía</subfield>
   </datafield>
   <datafield tag="653" ind2=" " ind1=" ">
      <subfield code="a">Turismo rural - Andalucía</subfield>
   </datafield>
   <datafield ind2="0" ind1="0" tag="245">
      <subfield code="a">Turismo LEADER en los espacios rurales malagueños</subfield>
   </datafield>
</record>
</metadata></record></GetRecord></OAI-PMH>